Statistics for Tennis A-Z

Click here to take the quiz!

General Stats

  • This quiz has been taken 735 times
  • The average score is 18 of 25

Answer Stats

HintAnswer% Correct
NLast name of RafaelNadal
95%
FSwiss legendFederer
93%
MCity of the Australian OpenMelbourne
93%
WWorld's oldest tennis tournamentWimbledon
91%
DMen's number one as of 2020Djokovic
90%
CType of court the French Open hasClay Court
89%
RFrench Open = _______-GarrosRoland
89%
APete Sampras's rivalAgassi
88%
ILendl's first nameIvan
82%
LTerm that means zero / no pointLove
82%
UPerson designated to
enforce the rules
Umpire
79%
SPhotogenic female Russian playerSharapova
76%
YCountry Monica Seles representedYugoslavia
73%
VWhen one hits the ball before it
bounces on their side
Volley
72%
OShe beat Williams in 2018 US OpenOsaka
71%
JHenin's first nameJustine
62%
G1988 all-4 Grand Slams winnerGraf
60%
QThis comes after the 4th RoundQuarterfinals
59%
Z2018 ATP Finals championZverev
57%
KType of spin serve bouncing highKick Serve
50%
HTo win the game when servingHold
49%
BBillie Jean King vs. Bobby Riggs
match in 1973
Battle of
the Sexes
48%
EA shot that does not land (correctly)
in the opponent's court
Error
47%
PNickname of Pete SamprasPistol Pete
45%
TCurrent men's third highest playerThiem
44%

Score Distribution

Percentile by Number Answered

Percent of People with Each Score

Your Score History

You have not taken this quiz